Discovering careers for your future. Performing arts.

Bibliographic Details
Corporate Author: J.G. Ferguson Publishing Company
Format: Book
Language:English
Published: Chicago, Ill. : Ferguson Pub., [2001]
Subjects:

MARC

Tag First Indicator Second Indicator Subfields
LEADER 00000cam a2200000 a 4500
001 in00001702338
005 20151024153055.0
008 000405s2001 ilua j 001 0 eng
010 |a  00037661  
020 |a 0894343610 
035 |a (OCoLC)ocm43845578 
040 |a DLC  |c DLC  |d UtOrBLW 
049 |a TXAM 
050 0 0 |a PN1580  |b .D57 2001 
082 0 0 |a 791/.023  |2 21 
245 0 0 |a Discovering careers for your future.  |p Performing arts. 
246 3 0 |a Performing arts 
264 1 |a Chicago, Ill. :  |b Ferguson Pub.,  |c [2001] 
264 4 |c ©2001 
300 |a 92 pages :  |b illustrations ;  |c 24 cm. 
336 |a text  |b txt  |2 rdacontent 
337 |a unmediated  |b n  |2 rdamedia 
338 |a volume  |b nc  |2 rdacarrier 
500 |a Includes index. 
650 0 |a Performing arts  |x Vocational guidance  |v Juvenile literature. 
710 2 |a J.G. Ferguson Publishing Company. 
948 |a cataloged  |b h  |c 2002/12/9  |e cmulkey  |f 9:10:10 
994 |a E0  |b TXA 
999 |a MARS 
999 f f |s d2744f6a-18de-35d6-b341-5a6f6623e857  |i 9d5018a7-51e3-3b12-94ec-b40788f73556  |t 0 
952 f f |p ric  |a Texas A&M University  |b Rellis Campus  |c Joint Library Facility  |d Remote Storage  |t 0  |e PN1580 .D57 2001  |h Library of Congress classification  |i unmediated -- volume  |m A14829569719 
998 f f |a PN1580 .D57 2001  |t 0  |l Remote Storage